Statistiques concernant Épisodes de la série Arrow de la saison 1 à 4

Cliquez ici pour prendre le quiz!

Statistiques générales

  • Ce quiz a été pris 34 fois
    (30 depuis la dernière actualisation)
  • Le résultat moyen est 11 sur 92

Statistiques - réponses

saison-episodesnom% Correct
1-2La Promesse
50%
2-15La Promesse
50%
1-1Le Naufragé
50%
1-12Vertigo
45%
1-4Un homme innocent
41%
1-8Vendetta
36%
1-14L'Odyssée
32%
1-11Confiance et Trahison
27%
1-6Héritages
27%
1-3Tireurs solitaires
27%
1-10Brulures
23%
2-5La Ligue des Assassins
23%
2-1Le combat continue
23%
1-15Le Dodger
23%
2-8Le Scientifique
23%
1-17L'Instinct de vengeance
23%
1-22Crepuscule
18%
1-20Effraction
18%
3-23Je m'appelle Oliver Queen
18%
1-18Le Sauveur
18%
2-16L'Escadron Suicide
18%
1-5Le Second Archer
18%
1-9Pas de treve pendant Noel
18%
1-13Trahison
18%
1-19Travail inachevé
18%
1-7Communion d'ame
14%
2-2Démons intérieurs
14%
1-16Dette de sang
14%
2-20Journée noire
14%
3-9L'Ascension
14%
4-19Le chant du Canary
14%
3-4Le Magicien
14%
2-11Le Masque tombe
14%
3-5Le Passé secret de Felicity Smoak
14%
2-7Le Procès
14%
2-17Les Anges de la nuit
14%
2-14L'Heure de la mort
14%
1-21Mensonges et Manigances
14%
4-10Pour Felicity
14%
3-1Retour en force
14%
1-23Sacrifice
14%
3-2Sara
14%
2-4Traverser les épreuves
14%
2-19A découvert
9%
2-10Bombe a retardement
9%
2-9Du poison dans les veines
9%
2-22État de siège
9%
2-23L'Assaut final
9%
2-21Le Calme avant la tempète
9%
2-3L'Union fait la force
9%
3-15Nanda Parbat
9%
4-5A la recherche de l'âme perdu
5%
2-12A la recherche du générateur
5%
3-21Al Sah-him
5%
3-6Coupable
5%
3-7Cupidon
5%
4-18Dernière mission
5%
3-18Ennemi public
5%
4-13Le combat des maîtres
5%
4-22Le déluge
5%
4-8Les légendes d'hier
5%
2-18Révélations
5%
4-6Un problème de taille
5%
2-13Vivre ou mourir
5%
3-10Abandonné
0%
4-2Amitié contrariée
0%
4-4Au service de la ville
0%
4-21Avant la fin du monde
0%
3-3Corto Maltesse
0%
3-13Dédoublement
0%
3-19Extrêmes mesures
0%
4-20La phase finale
0%
3-16La Proposition
0%
3-8Le Courage et l'Audace
0%
4-15Le kidnapping
0%
3-22L'Épée
0%
3-11Le Règne de Brick
0%
4-11Les conséquences du passé
0%
4-17Lueur d'espoir
0%
4-3Nouveaux instincts
0%
2-6Pacte avec l'ennemis
0%
4-9Pousser à bout
0%
3-12Résistance
0%
3-14Résurgence
0%
4-23Rupture
0%
4-14Sale temps pour un justicier
0%
3-20Sans retour
0%
4-7Sauver la paix
0%
3-17Tendences suicidaires
0%
4-12Trop lourd à porter
0%
4-1Une lumière dans les ténèbres
0%
4-16Victimes de l'amour
0%

Distribution des résultats

Percentile par nombre de réponses

% des personnes avec chaque résultat

Votre développement - résultats

Vous n’avez pas pris ce quiz depuis la dernière actualisation